Econometric model for transforming Slovakia - EMSE 2.0

Ekonometrický model slovenskej ekonomiky EMSE 2.0 predstavuje druhú verziu pôvodného experimentálneho variantu vyvinutého v roku 1996. Prostredníctvom rovníc modelu je opísaný a zobrazený vývoj hlavných makroekonomických egregátov.

Guardado en:
Detalles Bibliográficos
Autor principal: Olexa, Michal
Otros Autores: Haluška, Ján, Klein, Tomáš, Orságová, Judita
Formato: Capítulo de libro
Lenguaje:inglés
Materias:
Etiquetas: Agregar Etiqueta
Sin Etiquetas, Sea el primero en etiquetar este registro!

MARC

LEADER 00000naa a2200000 4500
001 r036587
005 20230929072453.0
041 0 |a eng 
044 |a SK 
245 1 0 |a Econometric model for transforming Slovakia - EMSE 2.0  |c Michal Olexa, Ján Haluška, Tomáš Klein, Judita Orságová 
520 |a Ekonometrický model slovenskej ekonomiky EMSE 2.0 predstavuje druhú verziu pôvodného experimentálneho variantu vyvinutého v roku 1996. Prostredníctvom rovníc modelu je opísaný a zobrazený vývoj hlavných makroekonomických egregátov. 
610 2 0 |a modely ekonometrické 
610 2 0 |a EMSE 2.0 
610 2 0 |a transformácia 
610 2 0 |a Slovensko 
610 2 0 |a rady časové 
610 2 0 |a rovnice regresné 
100 1 |a Olexa, Michal 
700 1 |a Haluška, Ján 
700 1 |a Klein, Tomáš 
700 1 |a Orságová, Judita